[Event "South America-ch U16 17th"]
[Site "Guayaquil"]
[Date "2022.01.28"]
[Round "6"]
[White "Vasquez Angulo, Aaron Daniel"]
[Black "Flores Ninacansaya, Fabian Moises"]
[Result "0-1"]
[WhiteElo "1356"]
[BlackElo "1528"]
[PlyCount "114"]
[EventDate "2022.01.25"]
[EventType "swiss"]
[EventRounds "9"]
[EventCountry "ECU"]
[SourceTitle "CBM 206 Extra"]
[Source "ChessBase"]
[SourceDate "2022.03.31"]
[SourceVersion "1"]
[SourceVersionDate "2022.03.31"]
[SourceQuality "1"]

1. c4 e5 2. g3 Nf6 3. Bg2 d5 4. d3 Bc5 5. cxd5 Nxd5 6. Nf3 Nc6 7. 0-0 0-0 8. Bd2 Rb8 9. Nc3 Be6 10. a3 a5 11. Nxd5 Bxd5 12. Bc3 Qe7 13. e4 Be6 14. Nxe5 Nd4 15. Nf3 Rfd8 16. Nxd4 Bxd4 17. Bxd4 Rxd4 18. Qc2 Rbd8 19. Rac1 Rxd3 20. Qxc7 Qxc7 21. Rxc7 Rb3 22. e5 b6 23. f4 Bf5 24. Rf2 Rd1+ 25. Rf1 Rxf1+ 26. Bxf1 Rxb2 27. Bc4 Rb1+ 28. Kf2 Be6 29. Bxe6 fxe6 30. Re7 Rb2+ 31. Kf3 Rb3+ 32. Kg4 Rxa3 33. Rxe6 Rb3 34. Re7 Kf8 35. Ra7 Rc3 36. e6 Rc8 37. f5 Rc4+ 38. Kh5 a4 39. g4 b5 40. g5 Rc5 41. Kg4 Re5 42. h4 g6 43. Rxh7 Rxf5 44. h5 Re5 45. hxg6 Rxe6 46. Kf5 Re1 47. Kf6 Rf1+ 48. Ke6 a3 49. Ra7 b4 50. g7+ Kg8 51. g6 b3 52. Rf7 Re1+ 53. Kf6 Re8 54. Rd7 a2 55. Rd1 b2 56. Rh1 Re6+ 57. Kxe6 a1Q 0-1